Vedecká organizácia a riadenie tvorivej práce

Bibliographic Details
Main Author: Fusko, Zoltán, 1933-1996 (Author)
Format: Article
Language:Slovak
PhysicalDescription:Lit. 2 zázn.
Subjects:

MARC

LEADER 00000nab a2200000 a 4500
001 vtls000205243
003 SK-MaSNL
005 20260302204202.0
008 111202c1984 xo 0 slo
015 |a SNBRA19rr/mm-uuuuu 
035 |a CL0215356 
040 |a SNKBUCL  |b slo  |c SNKBUCL  |e AACR2 
041 0 |a slo 
044 |a xo  |c SK 
080 |a 331.021.4:65.012.4  |2 1981 
080 |a 65.012.4  |2 1981 
080 |a 330.341.1  |2 1981 
100 1 |a Fusko, Zoltán,  |d 1933-1996  |4 aut  |9 156135 
245 1 0 |a Vedecká organizácia a riadenie tvorivej práce  |c Z. Fusko 
300 |b Lit. 2 zázn. 
650 0 7 |a vedecko-technický rozvoj  |2 snkbucl  |9 3999 
650 0 7 |a práca tvorivá  |2 snkbucl  |9 921699 
655 7 |a články zo zborníkov  |2 snkbucl  |9 166140 
773 0 |t Zdokonaľovanie a organizácia tvorivej činnosti technických a vedeckotechnických pracovníkov  |d Bratislava : Dom techniky ČSVTS, 1984 
850 |a Slovenská národná knižnica v Martine  |a MTA001 
852 |a SNK  |b KIS3GCP 
958 |a RK 
992 |a RZB 
999 |c 1472313  |d 1474243